Chẩn đoán bệnh đục thân trên tôm càng xanh bằng kỹ thuật RT-PCR và mô bệnh học : Luận văn tốt nghiệp cao học. Ngành Công nghệ sinh học

Nội dung đề tài là Chẩn đoán tác nhân gây bệnh đục cơ trên tôm càng xanh, tìm ra phương pháp chẩn đoán nhanh, hiệu quả để đưa vào thực tiễn nhằm bảo đảm chất lượng con giống và ổn định vùng nuôi....

全面介紹

Đã lưu trong:
書目詳細資料
主要作者: Lê, Minh Tuấn
格式: 圖書
語言:Undetermined
出版: Cần Thơ Trường Đại học Cần Thơ 2008
主題:
標簽: 添加標簽
沒有標簽, 成為第一個標記此記錄!
Thư viện lưu trữ: Trung tâm Học liệu Trường Đại học Cần Thơ
LEADER 01136nam a2200217Ia 4500
001 CTU_152132
008 210402s9999 xx 000 0 und d
082 |a 639.54 
082 |b T502 
100 |a Lê, Minh Tuấn 
245 0 |a Chẩn đoán bệnh đục thân trên tôm càng xanh bằng kỹ thuật RT-PCR và mô bệnh học : 
245 0 |b Luận văn tốt nghiệp cao học. Ngành Công nghệ sinh học 
245 0 |c Lê Minh Tuấn; Hà Thanh Toàn, Phạm Hùng Vân (cán bộ hướng dẫn) 
260 |a Cần Thơ 
260 |b Trường Đại học Cần Thơ 
260 |c 2008 
520 |a Nội dung đề tài là Chẩn đoán tác nhân gây bệnh đục cơ trên tôm càng xanh, tìm ra phương pháp chẩn đoán nhanh, hiệu quả để đưa vào thực tiễn nhằm bảo đảm chất lượng con giống và ổn định vùng nuôi. 
650 |a Shrimp,Tôm 
650 |x Diseases,Bệnh 
904 |i Năm, Ái 
980 |a Trung tâm Học liệu Trường Đại học Cần Thơ